| 000 | 00334nam a22001457a 4500 | ||
|---|---|---|---|
| 003 | OSt | ||
| 005 | 20180411153304.0 | ||
| 008 | 180411b xxu||||| |||| 00| 0 eng d | ||
| 040 | _cmacl | ||
| 100 |
_ahjyyyjytjuuj _971963 |
||
| 245 | _apriyanka | ||
| 260 |
_abhopal _baakas _c1918 |
||
| 650 |
_asociasl science _971964 |
||
| 942 |
_2ddc _cBK |
||
| 999 |
_c57676 _d57676 |
||